| 000 | 00926cam a2200313 4500 | ||
|---|---|---|---|
| 008 | 090401t1985 xxu||||| |||| 00| 0 eng d | ||
| 020 | _a0851253512 | ||
| 035 | _a(Sirsi) u19014 | ||
| 041 | _aeng | ||
| 050 | _a333.720285 | ||
| 100 | _aAnderson, B.R. | ||
| 245 | _aBREDEM: BRE domestic energy model: background, philosophy and description. | ||
| 260 |
_aGarston, Watford _bBuilding Research Establishment _c1985 |
||
| 300 | _avi,70p. ; 30cm. | ||
| 350 | _a12 | ||
| 490 |
_aBRE Building Renewal _v66 |
||
| 490 |
_aBuilding _v66 Research Establishment Report |
||
| 650 | _aBRE DOMESTIC ENERGY MODEL | ||
| 650 | _aENERGY CONSERVATION | ||
| 650 | _aENERGY MODELS | ||
| 650 | _aHOUSES | ||
| 690 | _aENVIRONMENTAL AND LAND CONSULTANCY-ENERGY | ||
| 700 | _aClark, A.J. | ||
| 700 | _aBaldwin, R. | ||
| 700 | _aMilbank, N.O. | ||
| 710 | _aBuilding Research Establishment | ||
| 942 | _n0 | ||
| 948 | _c04/03/1997 | ||
| 999 |
_c87643 _d87643 |
||